000 00630nam a2200181Ia 4500
008 151018s9999 xx 000 0 und d
082 _bRBASDV40832
_a340
100 _aअभया शेलकर
245 _aफौजदारी न्याय पद्धती
250 _b1
260 _bशिवांश पब्लिकेशन
_c2005
300 _a488
600 _aअभया शेलकर
630 _aफौजदारी न्याय पद्धती
700 _aअभया शेलकर
730 _aफौजदारी न्याय पद्धती
942 _cBOOK
999 _c1040106
_d1040103